| 000 | 00402pab a2200169 454500 | ||
|---|---|---|---|
| 008 | 180718b2009 xxu||||| |||| 00| 0 eng d | ||
| 100 | _aKanunjna, D. | ||
| 245 | _aLegal research in India: an overview | ||
| 260 | _c2009 | ||
| 300 | _ap.1-3,6. | ||
| 362 | _a20 Jul | ||
| 650 | _aLegal education - India | ||
| 650 | _aLegal education | ||
| 773 | _aUniversity News | ||
| 908 | _aN | ||
| 909 | _a83122 | ||
| 999 |
_c83122 _d83122 |
||